000 01046nam2a2200229 4500
001 RU\NLR\BIBL_A\012329337
005 20250624015827.0
035 _a(NLR Aleph) 012329337
090 _a11464498
_c11464498
100 _a20200909d1935 |||y0rusy50 ca
101 0 _aady
102 _aRU
105 _ay j 000 y
200 1 _aСинтаксыр
_eеджепIэ гурытым щеджэнхэеу тхылъ
_eя 6-рэ классымрэ я 7-рэ классымрэ апай
210 _d1935
_aБ. м.
215 _a64,[2] с.
461 0 _1001RU\NLR\BIBL_A\012329335
_12001#$aГрамматикэр$fIашъхьэмафэ Д.$vЕдзыгъу 2
_1700#1$aIашъхьэмаф$bД.$f1897-1946$gДауд$4070
_911464487
_aIашъхьэмаф, Д. (1897-1946)
_cКраснодар
_d1934-1935
_fIашъхьэмафэ Д.
_nАдыгэхэкутхылътедз
_tГрамматикэр
_vЕдзыгъу 2
852 _aNLR
_bОНЛ
_jАдыг./3-149
852 _aNLR
_bОНЛ
_jАдыг./3-149
942 _cBOOK
980 _aNB